| 000 | 01811nam2a22002651 4500 | ||
|---|---|---|---|
| 001 | RU\NLR\IC12\5000102337 | ||
| 005 | 20250617023800.0 | ||
| 035 | _a(NLR Aleph) 002384829 | ||
| 090 |
_a4612516 _c4612516 |
||
| 100 | _a20041203d1969 |||y0rusy50 ca | ||
| 101 | 0 | _arus | |
| 102 | _aRU | ||
| 105 | _ay ||||000|y | ||
| 200 | 0 | _aВып.73 | |
| 210 |
_d1969 _aБ. м. |
||
| 225 | 1 |
_a... _vВып.73 _i... _v[Вып.3] Ч.2 |
|
| 461 | 0 |
_1001RU\NLR\INFOCOMM\1000090457 _12001#$aТематический сборник$fМ-во высш. и сред. спец. образования РСФСР. Мордовск. гос. ун-т им. Н.П.Огарева$vВып.73 _93238975 _aМордовский университет им. Н.П. Огарева (Саранск) _cСаранск _d1949- _fМ-во высш. и сред. спец. образования РСФСР. Мордовск. гос. ун-т им. Н.П.Огарева _tТематический сборник _vВып.73 |
|
| 462 | 0 |
_1001RU\NLR\IC12\5000102333 _12001#$aСтроительные конструкции и строительная механика$eСборник науч. статей$fМ-во высш. и сред. спец. образ. РСФСР. Мордов. гос. ун-т им. Н.П. Огарева$v[Вып.3] Ч.2 _94612503 _cСаранск _d1964-1975 _fМ-во высш. и сред. спец. образ. РСФСР. Мордов. гос. ун-т им. Н.П. Огарева _oСборник науч. статей _tТематический сборник. - Строительные конструкции и строительная механика _v[Вып.3] Ч.2 |
|
| 801 | 1 |
_aRU _bInfoComm _c20041203 |
|
| 801 | 0 |
_aRU _bNLR _gPSBO |
|
| 852 |
_aNLR _jП1/208 |
||
| 942 | _cISSUE | ||
| 980 | _aNB | ||
| 980 | _aRUSPER | ||